Представление документа в формате RUSMARC

Поле Инд. ПП Название Значение
Тип записи a
Библиографический уровень a
001 Контрольный номер 5947d56b12374aa192995b17ad92bd0b
005 Дата корректировки 20181124200622.5
100 a Данные общей обработки 20181107 ||| 0rusy0189 ca
101 0_ a Язык текста rus
102 a Страна публикации RU
200 1_ f Первые сведения об ответственности А.Т. Анешева, Л.Ю. Аксенова
a Заглавие Особенности возбуждения уголовного дела и обстоятельства, подлежащие установлению по делам о кражах
b Общее обозначение материала Текст
210 d Дата издания 2017
461 _0 1 2000
a Закон и право
463 _0 1 2000
a №3
v С. 103-107
1 2101
d 2017
1 0010ddf95dce4af40bc9624c56807363f69
606 a Основная рубрика Криминалистика
610 0_ a Ключевые слова УГОЛОВНЫЙ ПРОЦЕСС
a Ключевые слова ВОЗБУЖДЕНИЕ УГОЛОВНОГО ДЕЛА
a Ключевые слова ПРЕСТУПЛЕНИЯ ПРОТИВ СОБСТВЕННОСТИ
a Ключевые слова КРАЖА
700 _1 a Фамилия Анешева
b Имя А.Т.
701 _1 a Фамилия Аксенова
b Имя Л.Ю.
801 _0 a Страна RU
b Организация РГУП
c Дата составления 20181107
g Правила каталогизации PSBO
801 _1 a Страна RU
b Организация РГУП
c Дата составления 20181107
g Правила каталогизации PSBO
901 t Тип документа b
w Контрольный № источника 0ddf95dce4af40bc9624c56807363f69
905 a Дата ввода 20181107